01034nam a2200277Ia 450000500170000000800410001702000180005810000230007624500840009925000180018330000480020149000230024965000550027265000510032765000530037865000200043165000500045165000510050170000430055226400260059533600270062133700330064833800280068104000350070908400120074420220317001516.0161108s2014 c a g 000 0 s  a97895875870121 aWillems, Mod1968-10aMi amigo está tristecpor Mo Willems ; traducción María Candelaria Posada a1a. edición a57 páginasbilustraciones en colorc23 cm aElefante y cerdita142LEMBaLiteratura infantil estadounidenseySiglo XX142LEMBaLibros ilustrados para niñosySiglo XX142LEMBaElefantesxLibros ilustrados para niños 142LEMBaCerdosx 142LEMBaAmistadxLibros ilustrados para niños142LEMBaTristezaxLibros ilustrados para niños1 aCandelaria Posada, Maríaetraductora aBogotábAlteac2014 atextobtxt2rdacontent asin mediaciónbn2rdamedia avolumenbnc2rdacarrier aCO-BoRNBPbspaerdacCO-BoRNBP aA WIL14